Drużyny Polskiej Ligi Koszykówki - Statystyki

Ogólne statystyki
  • Ten quiz został rozwiązany 298 razy
  • Średni wynik to 8 z 16
Statystyki odpowiedzi
Miejsce w sezonie 2018/19 Odpowiedź % Poprawnych
Mistrz Polski Anwil Włocławek
85%
8. miejsce Legia Warszawa
74%
Wicemistrz I ligi - awans WKS Śląsk Wrocław
67%
Brązowy medal MP Asseco Arka Gdynia
62%
15. miejsce Trefl Sopot
55%
Wicemistrz Polski Polski Cukier Toruń
54%
4. miejsce Stelmet Enea BC Zielona Góra
54%
5. miejsce Arged BM SlamStal Ostrów Wielkopolski
47%
7. miejsce King Szczecin
41%
Mistrz I ligi - awans Enea Astoria Bydgoszcz
39%
10. miejsce TBV Start Lublin
38%
11. miejsce Hydrotruck Radom
36%
12. miejsce GTK Gliwice
35%
6. miejsce MKS Dąbrowa Górnicza
35%
13. miejsce PGE Spójnia Stargard
31%
9. miejsce Polpharma Starogard Gdański
25%
Nie znaleziono quizów pasujących do podanych kryteriów
Rozkład punktacji
Procent ludzi z każdym wynikiem
Percentyl według liczby udzielonych odpowiedzi
Twoja historia wyników
Nie rozwiązałeś tego quizu